000 00821nam a2200265Ia 4500
003 OSt
005 20221005092327.0
006 a|||||r|||| 00| 0
007 ta
008 221004b |||||||| |||| 00| 0 eng d
020 _a0415979838 (hbk)
_c4595
024 _a101003
037 _b126, 30/09/2009, Standard Book House
_cTextual
040 _aCRL
_cCRL
_beng
041 _2eng
_aeng
082 _aX8.687, P6
100 _aVandenberg Paul
_9617147
245 0 _aAfrican Asian divide
_b Analyzing institutions and accumulations in Kenya
260 _aNew York
_bRoutledge USA
_c2006
300 _axiii,253p.
_ccm.
490 _aNew political economy
650 _aECONOMICS
942 _hX8.687, P6
_cTEXL
_2cc
999 _c998668
_d998668